| 000 | 01508nam a2200253 i 4500 | ||
|---|---|---|---|
| 001 | 189313 | ||
| 003 | SpMaBN | ||
| 005 | 20230906223438.0 | ||
| 008 | 190522s1925 sp a |||| |dspa d | ||
| 245 | 0 | 0 |
_aProsistas modernos / _cselección hecha por Enrique Díez-Canedo ; dibujos de F. Marco. |
| 260 |
_aMadrid : _bInstituto-Escuela, Junta para Ampliación de Estudios, _c1925 ( _fTip. de la "Rev. de Archivos") |
||
| 300 |
_a307 p. : _bil. ; _c19 cm. |
||
| 490 | 1 |
_aBiblioteca literaria del estudiante ; _v4 |
|
| 505 | 8 | _aContiene títulos de: José Somoza, Cecilia Bohl de Faber, Serafín Estébanez Calderón, Ramón de Mesonero Romanos, Mariano José de Larra, Domingo Faustino Sarmiento, Antonio de Trueba, Juan Valera, Emilio Castelar, Pedro Antonio de Alarcón, José María de Pereda, Ricardo Palma, Gustavo Adolfo Bécquer, Benito Pérez Galdós, Emilia Pardo Bazán, Leopoldo Alas, José Martí, Armando Palacio Valdés, Mariano de Cavia, José Nogales, Marcelino Menéndez Pelayo, Francisco Navarro y Ledesma, Ángel Ganivet, Rubén Darío, Amado Nervo, José Enrique Rodó | |
| 650 | 4 |
_aProsa española- _yS.XIX. _9170538 |
|
| 650 | 4 |
_aProsa española- _yS.XX. _9170539 |
|
| 650 | 4 |
_aProsa hispanoamericana. _9170540 |
|
| 700 | 1 |
_aDíez-Canedo, Enrique, _d1879-1944 _944685 |
|
| 700 | 1 |
_aMarco, Fernando. _976462 |
|
| 710 | 2 |
_aInstituto-Escuela (Madrid) _95032 |
|
| 830 | 0 |
_aBiblioteca literaria del estudiante ; _v4 _9185110 |
|
| 852 |
_aES-MaACL _jL-32323 |
||
| 999 |
_c189313 _d189313 |
||